The Legend of Zelda BOTW/TOTK : personnages - Statistiques

Statistiques générales
  • Ce quiz a été pris 163 fois
  • Le résultat moyen est 13 sur 16
Statistiques - réponses
Par images Réponse % Correct
Link
98%
Zelda
93%
Ganondorf
90%
Sidon
90%
Mipha
88%
Daruk
86%
Impa
85%
Revali
85%
Urbosa
81%
Yunobo
79%
Riju
75%
Roi Rhoam Bosphoramus
74%
Babil
73%
Rauru
73%
Sonia
69%
Teba
66%
Aucun quiz correspondant
Distribution des résultats
% des personnes avec chaque résultat
Percentile par nombre de réponses
Votre historique - résultats
Vous n’avez pas pris ce quiz